| 000 | 00578nam a2200145Ia 4500 | ||
|---|---|---|---|
| 008 | 090124s9999 xx 000 0 und d | ||
| 082 | _b25884 | ||
| 245 | _a साहित्य समीक्षा परिभाषा कोश | ||
| 250 | _a0 | ||
| 260 |
_bभाषा संचालनालय महाराष्ट्र शासन _c1987 |
||
| 300 | _a48+41 | ||
| 630 | _a साहित्य समीक्षा परिभाषा कोश | ||
| 730 | _a साहित्य समीक्षा परिभाषा कोश | ||
| 942 | _cBOOK | ||
| 999 |
_c93617 _d93617 |
||